RICS Regulatory Tribunal Practice Direction D (Record no. 121745)
[ view plain ]
| 000 -LEADER | |
|---|---|
| fixed length control field | 01150nam a22002177a 4500 |
| 008 - FIXED-LENGTH DATA ELEMENTS--GENERAL INFORMATION | |
| fixed length control field | 231222s2022 xxk|||||o|||| 00| 0 eng d |
| 041 ## - LANGUAGE CODE | |
| Language code of text/sound track or separate title | eng |
| 110 ## - MAIN ENTRY--CORPORATE NAME | |
| Corporate author | Royal Institution of Chartered Surveyors |
| 245 ## - TITLE STATEMENT | |
| Title | RICS Regulatory Tribunal Practice Direction D |
| Medium | [Electronic resource] |
| 250 ## - EDITION | |
| Edition statement | version 1 |
| 260 ## - PUBLICATION INFORMATION | |
| Place of publication | London, |
| Publisher | Royal Institution of Chartered Surveyors, |
| Date | 2022 |
| 300 ## - PHYSICAL DESCRIPTION | |
| Physical description | 5p. |
| 490 ## - SERIES TITLE | |
| Series statement | RICS Regulation |
| 500 ## - GENERAL NOTE | |
| General note | With effect from 24 October 2022. This Practice Direction should be considered in conjunction with RICS Regulatory Tribunal Practice Direction (Version 2 with effect from 2 March 2020). |
| 520 ## - ABSTRACT | |
| Abstract | This Practice Direction sets out the procedure that RICS Regulatory Tribunal (‘the Tribunal’) will operate in respect of case management directions (fixing cases for hearing)<br/> |
| 650 ## - KEYWORDS | |
| Keywords | PROFESSIONAL STANDARDS |
| 651 ## - SUBJECT ADDED ENTRY--GEOGRAPHIC NAME | |
| Geographic name | International |
| 710 ## - ADDED CORPORATE NAME | |
| Added corporate author | Royal Institution of Chartered Surveyors |
| 856 ## - ONLINE RESOURCE | |
| Uniform Resource Identifier | <a href="https://www.rics.org/content/dam/ricsglobal/documents/regulation/RICS%20Regulatory%20Tribunal%20Practice%20Direction%20D%20(24.10.2022).pdf">https://www.rics.org/content/dam/ricsglobal/documents/regulation/RICS%20Regulatory%20Tribunal%20Practice%20Direction%20D%20(24.10.2022).pdf</a> |
| Public note | Available free on RICS.org |
| 942 ## - ADDED ENTRY ELEMENTS (KOHA) | |
| Suppress in OPAC | Do not suppress in OPAC |
| Lost status | Damaged status | Not for loan | Current library | Shelving location | Date acquired | Total Checkouts | Full call number | Date last seen | Price effective from | Koha item type |
|---|---|---|---|---|---|---|---|---|---|---|
| Virtual | Online | 22/12/2023 | ONLINE PUBLICATION | 22/12/2023 | 22/12/2023 | News article |